000
00239nam a2200085Ia 4500
005
20250523155752.0
008
250523s9999 xx 000 0 und d
245
0
_a
Işın Çağı Çocukları Gökkuş Diz
_c
Gülten Dayıoğlu
260
_b
ALTIN
999
_c
12132
_d
12132